| 000 | 01201nac a22003615a 4500 | ||
|---|---|---|---|
| 999 |
_c13502 _d13502 |
||
| 003 | EG-ScBUE | ||
| 005 | 20201128020814.0 | ||
| 008 | 080826t2009 njua f b 001 0 eng d | ||
| 020 | _a0138143668 | ||
| 020 | _a9780138143664 | ||
| 040 |
_aEG-ScBUE _beng _erda _cEG-ScBUE _dEG-ScBUE |
||
| 082 | 0 | 4 |
_a658 _bROB _222 |
| 100 | 1 |
_aRobbins, Stephen P., _d1943- _eauthor. |
|
| 245 | 1 | 0 |
_aManagement / _cStephen P. Robbins, San Diego State University, Mary Coulter, Missouri State University. |
| 250 | _aTenth edition. | ||
| 250 | _aPearson international edition. | ||
| 264 | 1 |
_aUpper Saddle River, N.J. : _bPearson Prentice Hall, _c[2009] |
|
| 264 | 4 | _cc2009 | |
| 300 |
_a581 pages : _bcolor illustrations ; _c28 cm |
||
| 336 |
_2rdacontent _atext _btxt |
||
| 337 |
_2rdamedia _aunmediated _bn |
||
| 338 |
_2rdacarrier _avolume _bnc |
||
| 500 | _aIncludes appendices. | ||
| 504 | _aIncludes bibliographical references and index. | ||
| 590 | _aMenna elamam | ||
| 650 | 7 |
_aManagement. _2BUEsh _9553 |
|
| 651 | _2BUEsh | ||
| 653 |
_bBUSADM _cAugust2015 _cDecember2017 |
||
| 655 |
_vReading book _934232 |
||
| 700 | 1 |
_aCoulter, Mary K., _eauthor. _98042 |
|
| 942 |
_2ddc _cBB |
||